000
00328nam a22001457a 4500
003
OSt
008
250507b |||||||| |||| 00| 0 eng d
100
_a
DAYANAND,Mehrsee
245
_a
Yjurvedh Saamvedh
250
_a
24th
260
_a
New Delhi
_b
Arya Prakashan
_c
2024
300
_a
183
650
_a
General
942
_2
ddc
_c
BK
999
_c
13561
_d
13561